000 00415nam a2200181Ia 4500
005 20250603145704.0
008 250603s9999 xx 000 0 und d
020 _a978-0-07-017053-7
100 _aDiulio, Eugene
245 0 _aSchaum`s outlines macroeconomics
250 _a3rd ed.
260 _aNew York
260 _bMcGraw-Hill
260 _c1998
300 _a331 p
650 _aNew York
942 _cBK
999 _c42564
_d42564